header

Women's literary feminism in twentieth-century China (Record no. 85090)

MARC details
000 -LEADER
fixed length control field 01384nam a2200349Ia 4500
100 1# - MAIN ENTRY--AUTHOR NAME
Personal name Dooling, Amy D.
245 10 - TITLE STATEMENT
Title Women's literary feminism in twentieth-century China
250 ## - EDITION STATEMENT
Edition statement 1st ed.
260 ## - PUBLICATION, DISTRIBUTION, ETC. (IMPRINT)
Place of publication New York, N.Y. :
Name of publisher Palgrave Macmillan,
Year of publication 2005.
300 ## - PHYSICAL DESCRIPTION
Number of Pages x, 273 p.
650 #0 - SUBJECT ADDED ENTRY--TOPICAL TERM
Topical Term Chinese literature
Topical Term Chinese literature
Topical Term Feminism in literature.
856 40 - ELECTRONIC LOCATION AND ACCESS
Uniform Resource Identifier http://site.ebrary.com/lib/rucke/Doc?id=10135444

No items available.

© 2026 Rongo University
Contact us: librarian | system librarian | Rongo university